Anar al contingut

Опыт применения Лантуса (гларгин) у детей и подростков с сахарным диабетом 1 типа в клинической практике Статья

Guardat en:
Dades bibliogràfiques
Autor principal: Петряйкина Е.Е
Format: Статья
Accés en línia:https://znanium.com/catalog/document?id=283596
https://znanium.com/cover/0484/484005.jpg
Etiquetes: Afegir etiqueta
Sense etiquetes, Sigues el primer a etiquetar aquest registre!
LEADER 01334nam0a2200241 i 4500
001 RU\infra-m\znanium\bibl\484005
003 https://znanium.com/catalog/document?id=283596
005 20200302000000.0
100 |a 20200302d2014 m y0rusy0150 ca 
101 0 |a rus 
102 |a RU 
200 1 |a Опыт применения Лантуса (гларгин) у детей и подростков с сахарным диабетом 1 типа в клинической практике  |e Статья 
210 1 |a Москва  |c ФГБУ "Эндокринологический научный центр" МинЗдрав РФ  |d 2006 
215 |a 4 с. 
333 |a Аспирантура 
606 |a Медицина. Фармакология  |x Эндокринология и болезни обмена веществ  |2 local 
608 |a Статья  |2 local 
700 1 |a Петряйкина  |b Е.Е. 
701 1 |a Духарева  |b О.В. 
701 1 |a Рыбкина  |b И.Г. 
801 0 |a RU  |b Общество с ограниченной ответственностью «ЗНАНИУМ»  |c 20140819  |2 rusmarc 
856 4 |a znanium.com  |m ebs_support@infra-m.ru  |n НИЦ ИНФРА-М  |u https://znanium.com/catalog/document?id=283596 
856 4 1 |a znanium.com  |d /cover/0484  |f 484005.jpg  |q image/jpeg  |u https://znanium.com/cover/0484/484005.jpg